Office market bulletin: Glasgow - Winter 1999/2000 - Summer 2000 - Winter 2000 (Record no. 100316)

MARC details
000 -LEADER
fixed length control field 00674cam a2200217 4500
001 - CONTROL NUMBER
control field J60798
008 - FIXED-LENGTH DATA ELEMENTS--GENERAL INFORMATION
fixed length control field 000000n2000 000 0 eng u
035 ## - SYSTEM CONTROL NUMBER
System control number (Sirsi) u105000
041 ## - LANGUAGE CODE
Language code of text/sound track or separate title ENG
050 ## - LIBRARY OF CONGRESS CALL NUMBER
Classification number 333.33
110 ## - MAIN ENTRY--CORPORATE NAME
Corporate name or jurisdiction name as entry element Insignia Richard Ellis
9 (RLIN) 3847
245 ## - TITLE STATEMENT
Title Office market bulletin: Glasgow - Winter 1999/2000 - Summer 2000 - Winter 2000
260 ## - PUBLICATION, DISTRIBUTION, ETC.
Place of publication, distribution, etc. London
Name of publisher, distributor, etc. Insignia Richard Ellis
Date of publication, distribution, etc. 2000
300 ## - PHYSICAL DESCRIPTION
Extent 3pt.. ; 30cm.
650 ## - SUBJECT ADDED ENTRY--TOPICAL TERM
Topical term or geographic name entry element GLASGOW
650 ## - SUBJECT ADDED ENTRY--TOPICAL TERM
Topical term or geographic name entry element PROPERTY-COMMERCIAL PROPERTY-OFFICE PROPERTY-OFFICE PROPERTY MARKET
650 ## - SUBJECT ADDED ENTRY--TOPICAL TERM
Topical term or geographic name entry element OFFICES
650 ## - SUBJECT ADDED ENTRY--TOPICAL TERM
Topical term or geographic name entry element SCOTLAND
690 ## - LOCAL SUBJECT ADDED ENTRY--TOPICAL TERM (OCLC, RLIN)
Topical term or geographic name as entry element PROPERTY-COMMERCIAL PROPERTY-COMMERCIAL PROPERTY MARKET
942 ## - ADDED ENTRY ELEMENTS (KOHA)
Suppress in OPAC 0
Holdings
Withdrawn status Lost status Source of classification or shelving scheme Damaged status Not for loan Home library Current library Shelving location Date acquired Total Checkouts Full call number Barcode Date last seen Date last checked out Copy number Price effective from Koha item type
    Dewey Decimal Classification     London London Property market reports 23/03/2000 2 PROPERTY MARKET REPORTS 30060798 06/08/2019 07/03/2001 1 06/08/2019 Book
    Dewey Decimal Classification     London London Property market reports 13/09/2000 1 PROPERTY MARKET REPORTS 30062202 06/08/2019 07/03/2001 2 06/08/2019 Book